| 000 | 00927nam a2200349Ia 4500 | ||
|---|---|---|---|
| 001 | 1015 | ||
| 005 | 20240113233440.0 | ||
| 007 | ta | ||
| 008 | 050129s1987 g b000 u asm u | ||
| 040 | _aCotton College,Assam | ||
| 041 | _aasm | ||
| 082 |
_a891.4108 _bSh 11 Be |
||
| 082 |
_a954.16208 _bSh 11 Be |
||
| 100 | _aSharma, Benudhar . | ||
| 245 | 0 |
_aBenudhar Sharma Rachanawali : Vol. 2 (Buranjir Safura) / _cBenudhar Sharma. _hTextual Documents |
|
| 250 | _a1st ed. / | ||
| 260 |
_aGuwahati : _bManuh Prakashan , _c1987. |
||
| 300 |
_a477p. ; _c24cm. |
||
| 500 | _a23/Ref/Ass | ||
| 653 | _aAssamese Literature-Collections | ||
| 653 | _aSharma, Benudhar-Collections | ||
| 653 | _aReference-Assamese | ||
| 653 | _aT/G-Rare | ||
| 942 |
_2ddc _cBK |
||
| 999 |
_c1013 _d1013 |
||